000 00607nam a22001697a 4500
005 20160609170742.0
008 110808t xxu||||| |||| 00| 0 eng d
040 _aBUAC
_bFre
_cBuc
041 _aFre
100 _aSaïzonou-Bédié, Alexandrine F.
_918014
245 _aJurisprudence béninoise :
_bRecueil d'arrêts de la Cours suprême et des Cours d'appel de Cotonou, Abomey et Parakou
_c /Alexandrine F. Saïzonou-Bédié
260 _aCotonou
_bEd. Nonagnon
_c2007
300 _a125p.
_c30 cm
630 _aSCIENCES SOCIALES
_918015
650 _aDroit pénal : arrêt : Bénin
_918016
942 _cLIVR
999 _c49567
_d49567